000 00441nam a2200181Ia 4500
001 15007
005 20260306164956.0
008 260306t2006||||xx |||||||||||||| ||spa||
041 _aESP
082 _a519.54
_bC79
100 _aCórdova Zamora, Manuel
_eAUT
245 0 _aEstadística inferencial:
_baplicaciones
260 _c2006
300 _a428 páginas :
_c21 cm.
650 _aGEN
654 _aCMA
942 _cLIB
_dJUS
_fJUS
_2ddc
_n
999 _c15007
_d15007